| 000 | 01129nam a2200277 i 4500 | ||
|---|---|---|---|
| 003 | EG-ScBUE | ||
| 005 | 20230323103644.0 | ||
| 008 | 100725s1999 ua a f b 000 0 ara d | ||
| 020 | _a9771012002 | ||
| 040 |
_aEG-ScBUE _bara _erda _cEG-ScBUE _dEG-ScBUE |
||
| 082 | 0 | 4 |
_222 _bط هـ ع _a796.32 |
| 100 | 1 |
_916737 _aطه، علي مصطفى، _eمؤلف. |
|
| 245 | 1 | 2 |
_aالكرة الطائرة : _bتاريخ-تعليم-تدريب-تحليل-قانون / _cدكتور علي مصطفى طه، مدرس بكلية التربية الرياضية للبنين، جامعة حلوان. |
| 250 | _aالطبعة الأولى. | ||
| 264 | 1 |
_aالقاهرة : _bدار الفكر العربي، _c1999. |
|
| 300 |
_a430 صفحة : _bإيضاحيات ؛ _c24 سم |
||
| 336 |
_2rdacontent _aنص _btxt |
||
| 337 |
_2rdamedia _aبدون وسيط _bn |
||
| 338 |
_2rdacarrier _aمجلد _bnc |
||
| 504 | _aيشتمل علي إرجاعات ببليوجرافية. | ||
| 541 |
_aألف باء ؛ _cشراء ؛ |
||
| 650 | 7 |
_916824 _aالكرة الطائرة. _2BUEsh |
|
| 653 | _bGGEN | ||
| 655 | _vReading book | ||
| 942 |
_2ddc _cBB |
||
| 999 |
_c14533 _d14533 |
||